Walking towards Walden : a pilgrimage in search of place

Saved in:
Bibliographic Details
Main Author: Mitchell, John Hanson
Format: Book
Language:English
Published: Reading : Addison Wesley, 1995
Subjects:
Tags: Add Tag
No Tags, Be the first to tag this record!

MARC

LEADER 00000nam a2200000 i 4500
001 1/12141
008 980121s1995 eng d
020 |a 0-201-40672-1 
035 |1 ΠΑΡ  |a 1997  |l 10018516 
040 |a GR-MY-UA  |b gre  |e aacr 
041 0 |a eng 
082 0 |a 917.444 
100 1 |a Mitchell, John Hanson. 
245 1 0 |a Walking towards Walden :  |b a pilgrimage in search of place /  |c John Hanson Mitchell 
260 |a Reading :   |b Addison Wesley,   |c 1995 
300 |a 301 p.  |b fig. 
600 1 0 |a Thoreau Henry David  |d 1817-1862  |x Homes and haunts  |z Massachusetts  |z Walden Woods. 
650 0 0 |a Natural history  |z Massachusetts  |z Concord Region (Town) 
650 0 0 |a Natural history  |z Massachusetts  |z Walden Woods. 
650 0 0 |a Walking  |z Massachusetts  |z Concord Region (Town) 
650 0 0 |a Walking  |z Massachusetts  |z Walden Woods. 
651 0 |a Concord Region (Mass.: Town)  |x Description and travel. 
651 0 |a Walden Woods (Mass.)  |x Description and travel. 
852 |a INST  |b LESVOS  |e 19980121  |h 917.444 MIT  |p 005100015299  |q 005100015299  |t BK  |y 0 
909 |a Λ  |b 052909 
950 |a 086-1996-07-16